| 000 | 00560nam a2200205Ia 4500 | ||
|---|---|---|---|
| 003 | GCL | ||
| 008 | 140319s9999 xx 000 0 eng d | ||
| 040 |
_aGCL / _cGCL |
||
| 082 | 0 | 4 |
_a541.37 _bC P |
| 100 | 1 | _aCROW, D.R | |
| 245 | 1 | 0 |
_aPRINCIPLES AND APPLICATIONS OF ELECTRO CHEMISTRY, 4TH ED. / _cCROW, D.R |
| 260 |
_a[S.N] : _bBLOCKIE ACADEMIC & PROFESSIONAL ، _c1994 |
||
| 300 | _a282 P | ||
| 650 | 0 | 4 | _aPHYSICAL PARAMETERS |
| 650 | 0 | 4 | _aELECTRONICS |
| 650 | 0 | 4 | _aCHEMISTRY |
| 650 | 0 | 4 | _aELECTROCHEMISTRY |
| 650 | 0 | 4 | _aELECTROLYTES |
| 942 |
_2ddc _cBK |
||
| 999 |
_c20442 _d20442 |
||